[Event "GER North-ch Seniors 6th"]
[Site "Bad Bevensen"]
[Date "2003.06.25"]
[Round "5"]
[White "Michalak, Guenther"]
[Black "Walther, Diethelm"]
[Result "1/2-1/2"]
[WhiteElo "1877"]
[BlackElo "2091"]
[PlyCount "56"]
[EventDate "2003.06.??"]
[EventType "swiss"]
[EventRounds "9"]
[EventCountry "GER"]
[SourceTitle "EXT 2006"]
[Source "ChessBase"]
[SourceDate "2005.11.24"]
[SourceVersion "1"]
[SourceVersionDate "2005.11.24"]
[SourceQuality "1"]

1. e4 c5 2. Nc3 Nc6 3. f4 g6 4. Nf3 Bg7 5. Bb5 Nd4 6. 0-0 Nxb5 7. Nxb5 a6 8. Nc3 e6 9. d3 Ne7 10. Qe1 0-0 11. Bd2 Qc7 12. Qh4 d6 13. Rab1 b5 14. Ne2 Rb8 15. Ng5 h6 16. Nf3 f5 17. Bc3 e5 18. fxe5 dxe5 19. exf5 Nxf5 20. Qf2 Bb7 21. Ng3 Nd4 22. Bxd4 exd4 23. Rbe1 Qf7 24. b3 Rbe8 25. Rxe8 Rxe8 26. Re1 Rf8 27. Ne4 Qd5 28. Qg3 Kh7 1/2-1/2

[Event "Bad Bevensen Seniors op 4th"]
[Site "Bad Bevensen"]
[Date "2001.06.17"]
[Round "2"]
[White "Bakhmatov, Eduard"]
[Black "Michalak, Guenther"]
[Result "1-0"]
[WhiteElo "2279"]
[BlackElo "1905"]
[PlyCount "53"]
[EventDate "2001.06.??"]
[EventType "swiss"]
[EventRounds "9"]
[EventCountry "GER"]
[SourceTitle "EXT 2006"]
[Source "ChessBase"]
[SourceDate "2005.11.24"]
[SourceVersion "1"]
[SourceVersionDate "2005.11.24"]
[SourceQuality "1"]

1. e4 c5 2. Nf3 d6 3. d4 cxd4 4. Nxd4 Nf6 5. Nc3 a6 6. Bc4 e6 7. Bb3 b5 8. Bg5 Be7 9. Qf3 Qb6 10. 0-0 Bb7 11. Be3 Qc7 12. Bxe6 fxe6 13. Nxe6 Qc4 14. Nxg7+ Kf7 15. Nf5 Bxe4 16. Nxe4 Qxe4 17. Qh3 h5 18. Bd4 Nc6 19. Rfe1 Qg4 20. Qb3+ Kf8 21. Rxe7 Nxe7 22. Bxf6 Nxf5 23. Bxh8 Re8 24. Qd3 Re6 25. h3 Qf4 26. Bc3 Re4 27. g3 1-0

[Event "Wichern op 5th"]
[Site "Hamburg"]
[Date "1999.10.20"]
[Round "7"]
[White "Michalak, Guenther"]
[Black "Koehnke, Martin"]
[Result "0-1"]
[WhiteElo "1949"]
[BlackElo "1780"]
[PlyCount "90"]
[EventDate "1999.10.15"]
[EventType "swiss"]
[EventRounds "9"]
[EventCountry "GER"]
[SourceTitle "EXT 2001"]
[Source "ChessBase"]
[SourceDate "2000.11.22"]
[SourceVersion "1"]
[SourceVersionDate "2000.11.22"]
[SourceQuality "1"]

1. e4 d5 2. exd5 Qxd5 3. Nc3 Qd6 4. d4 Nf6 5. Nf3 Bf5 6. Bc4 e6 7. 0-0 c6 8. Qe2 Be7 9. Bg5 0-0 10. Rfd1 h6 11. Bh4 Qc7 12. a4 a5 13. Bd3 Bxd3 14. Rxd3 Re8 15. Ne5 Nbd7 16. Re1 Nb6 17. b3 Nbd5 18. Bg3 Nxc3 19. Rxc3 Bb4 20. Nd3 Bd6 21. Nc5 b6 22. Ne4 Nxe4 23. Qxe4 Bxg3 24. Rxg3 g6 25. h4 h5 26. Ree3 Kg7 27. Rg5 Rh8 28. Reg3 Rh6 29. Rc3 Rc8 30. g4 f6 31. Qxe6 fxg5 32. hxg5 Rhh8 33. Qf6+ Kh7 34. Rxc6 Qg7 35. Qxg7+ Kxg7 36. Rxb6 Rhf8 37. c4 Rb8 38. Rb5 Rxb5 39. axb5 Rf3 40. b6 Rxb3 41. c5 Rb5 42. gxh5 gxh5 43. c6 Rxb6 44. d5 Rb1+ 45. Kg2 Rc1 0-1